Del parnaso catalán : (Poesías traducidas) / Zacarías Ylera (Poesías traducidas) / Zacarías Ylera
Descripción Física:
116 p., [4] f. ; 23 cm
MARC
| LEADER | 00000nam a2200000Ia 4500 | ||
|---|---|---|---|
| 001 | 1196 | ||
| 008 | 160829s1929 xx 000 0 cat d | ||
| 080 | |a L-1-306 | ||
| 100 | |a Ylera, Zacarías |9 39085 | ||
| 245 | |a Del parnaso catalán : |b (Poesías traducidas) / Zacarías Ylera | ||
| 260 | |a Valladolid : |b (Imp. de la Diputación Provincial), |c 1929 | ||
| 300 | |a 116 p., [4] f. ; |c 23 cm | ||
| 901 | |a Arxiu | ||
| 942 | |n 1 | ||
| 952 | |0 0 |1 0 |4 0 |6 L1306 |7 1 |9 48791 |a Arxiu |b Arxiu |d 2016-12-01 |l 0 |o L-1-306 |p 1196 |r 2016-12-01 00:00:00 |w 2016-12-01 |y ARXIU | ||
| 999 | |c 52623 |d 52623 | ||